zpět

Detail výsledku týmu

Restaurace Tunel, Plzeň

Datum a čas kvízu

39 Celkem bodů Celkový počet nahraných bodů na tomto kvízu bez doplňovacích otázek.
1. Pořadí na kvízu Konečné umístění týmu na tomto kvízu.

Zaznamenané odpovědi

# Otázka Odpověď Body Výsledky
1. Nejsledovanějším, nejprestižně... Jedlovou 0
2. Již poněkolikáté vyhrál volby... po Adolfu Hitlerovi 1
3. Streamovací platforma Netflix... Stranger Things 1
4. Minulý týden jsme se dozvěděli... Five Guys 1
5. V sobotu začala nová biatlonov... v Östersundu 1
6. Seřaďte tyto ostrovy dle rozlo... 1D 2B 3A 4C 1
7. Nyní přiřaďte ostrovy ke států... 1B 2A 3C 4D 1
8. Kterému ostrovnímu středomořsk... Kypr 0
9. Nyní si odskočíme ke kinematog... Řek Zorba, Anthony Quinn 1
10. Ke kterému středomořskému ostr... Elba 1